|
|
|
|
| LEADER |
00000nam0a2200000 4500 |
| 001 |
45081 |
| 005 |
20231101210928.0 |
| 035 |
|
|
|a (RuTPU)RU\TPU\book\46834
|
| 090 |
|
|
|a 45081
|
| 100 |
|
|
|a 20021129d1976 km y0rusy50 ca
|
| 101 |
0 |
|
|a rus
|
| 102 |
|
|
|a RU
|
| 105 |
|
|
|a y g 001zy
|
| 200 |
1 |
|
|a Расчет физико-химических свойств жидкостей
|e Справочник
|f Е. А. Столяров, Н. Г. Орлова
|
| 210 |
|
|
|a Ленинград
|c Химия
|d 1976
|
| 215 |
|
|
|a 112 с.
|
| 320 |
|
|
|a Библиогр.: с. 111-112.
|
| 606 |
1 |
|
|a Жидкости
|x Химия
|2 stltpush
|3 (RuTPU)RU\TPU\subj\70641
|9 84846
|
| 610 |
1 |
|
|a физико-химические свойства
|
| 610 |
1 |
|
|a расчеты
|
| 610 |
1 |
|
|a плотность
|
| 610 |
1 |
|
|a температура
|
| 610 |
1 |
|
|a кипение
|
| 610 |
1 |
|
|a теплоемкость
|
| 610 |
1 |
|
|a вязкость
|
| 610 |
1 |
|
|a пар
|
| 610 |
1 |
|
|a давление
|
| 610 |
1 |
|
|a поверхностное натяжение
|
| 610 |
1 |
|
|a справочники
|
| 610 |
1 |
|
|a библиотека А. Г. Стромберга
|
| 675 |
|
|
|a 544.27(03)
|v 3
|
| 700 |
|
1 |
|a Столяров
|b Е. А.
|g Евгений Алексеевич
|
| 701 |
|
1 |
|a Орлова
|b Н. Г.
|g Наталия Георгиевна
|
| 801 |
|
1 |
|a RU
|b 63413507
|c 20021129
|g PSBO
|
| 801 |
|
2 |
|a RU
|b 63413507
|c 20171005
|g PSBO
|
| 942 |
|
|
|c BK
|